Detalles MARC
| 000 -CABECERA |
| Longitud fija campo de control |
01181nam a2200301Ia 4500 |
| 005 - • FECHA Y HORA DE LA ÚLTIMA TRANSACCIÓN |
| Fecha y hora de la última transacción |
20220317001014.0 |
| 008 - • CÓDIGOS DE INFORMACIÓN DE LONGITUD FIJA |
| Códigos de información de longitud fija |
160825s2009 ck g 000 0 spa |
| 020 ## - • NÚMERO INTERNACIONAL NORMALIZADO PARA LIBROS |
| Número Internacional Normalizado para Libros (ISBN) |
97895804697012 |
| 040 ## - FUENTE DE LA CATALOGACIÓN |
| Centro catalogador de origen |
CO-BoRNBP |
| Lengua de catalogación |
spa |
| Normas de descripción |
rda |
| Centro transcriptor |
CO-BoRNBP |
| 084 ## - • Clasificación Local Alfanúmerica PNLB |
| Número de clasificación |
N CON1 |
| 100 1# - • PUNTO DE ACCESO PRINCIPAL-NOMBRE DE PERSONA |
| Nombre de persona |
Conrad, Joseph |
| Fechas asociadas al nombre |
1857-1924 |
| 245 13 - • TITULO PROPIAMENTE DICHO |
| Título |
La línea de sombra |
| Mención de responsabilidad, etc. |
Joseph Conrad ; traducido por Ricardo Baeza |
| 250 ## - • MENCIÓN DE EDICIÓN |
| Mención de edición |
2a. edición |
| Resto de la mención de edición |
1a. reimpresión |
| 264 ## - PRODUCCIÓN, PUBLICACIÓN , DISTRIBUCIÓN, FABRICACIÓN Y COPYRIGHT |
| Lugar de producción, publicación, distribución, fabricación |
Bogotá |
| Nombre del productor, editor, distribuidor, fabricante |
Norma |
| Fecha de de producción, publicación, distribución, fabricación o copyright |
2009 |
| 300 ## - • DESCRIPCIÓN FÍSICA |
| Extensión |
146, 51 páginas (en paginación variada) |
| Dimensiones |
21 cm |
| 336 ## - TIPO DE CONTENIDO |
| Término de tipo de contenido |
texto |
| Código de tipo de contenido |
txt |
| Fuente |
rdacontent |
| 337 ## - TIPO DE MEDIO |
| Nombre del tipo de medio |
sin mediación |
| Código del tipo de medio |
n |
| Fuente |
rdamedia |
| 338 ## - TIPO DE SOPORTE |
| Nombre del tipo de soporte |
volumen |
| Código del tipo de soporte |
nc |
| Fuente |
rdacarrier |
| 490 ## - • MENCIÓN DE SERIE |
| Mención de serie |
Cara y cruz |
| 505 ## - • NOTA DE CONTENIDO CON FORMATO |
| Nota de contenido con formato |
La belleza de una noche de mar / Virginia Woolf -- Joseph Conrad / Cesare Pavese -- Intermedio en el Atlántico Sur / Alvaro Mutis -- Noticia de Conrad / Elkin Restrepo |
| 534 ## - • Nota De Versión Original |
| Título |
Shadow-line |
| 600 14 - • PUNTO DE ACCESO ADICIONAL DE MATERIA - NOMBRE DE PERSONA |
| Nombre de persona |
Conrad, Joseph |
| Fechas asociadas al nombre |
1857-1924 |
| Subdivisión de materia general (R ) |
Critica e interpretación |
| 650 14 - • PUNTO DE ACCESO ADICIONAL DE MATERIA - TÉRMINO DE MATERIA |
| Fuente del encabezamiento o término |
LEMB |
| Término de materia o nombre geográfico como elemento inicial |
Novela inglesa |
| Subdivisión cronológica |
Siglo XX |
| 650 14 - • PUNTO DE ACCESO ADICIONAL DE MATERIA - TÉRMINO DE MATERIA |
| Fuente del encabezamiento o término |
LEMB |
| Término de materia o nombre geográfico como elemento inicial |
Literatura inglesa |
| Subdivisión cronológica |
Siglo XX |
| 650 14 - • PUNTO DE ACCESO ADICIONAL DE MATERIA - TÉRMINO DE MATERIA |
| Fuente del encabezamiento o término |
LEMB |
| Término de materia o nombre geográfico como elemento inicial |
Marinos en la literatura |
| 650 14 - • PUNTO DE ACCESO ADICIONAL DE MATERIA - TÉRMINO DE MATERIA |
| Fuente del encabezamiento o término |
LEMB |
| Término de materia o nombre geográfico como elemento inicial |
Navegación en la literatura |
| 942 ## - ENTRADA DE ELEMENTOS AGREGADOS (KOHA) |
| Fuente de clasificaión o esquema |
|
| Koha [por defecto] tipo de item |
Libro Literatura |